History Quiz

Random History or Famous Quiz

Famous Historical 'V' and 'W' First Names Quiz Stats

 Plays Quiz Updated Jun 29, 2017

Support Sporcle.
Go Orange.
Score 0/30 Timer 05:00
1 Play Today
% Correct
Walt
96.4%
William
96.3%
Winston
96.3%
Vincent
96.2%
Whitney
95.7%
Wolfgang
94.9%
Whoopi
94.9%
Woodrow
94.6%
Victor
93.1%
Vladimir
92.8%
Virginia
92.4%
Venus
92.4%
Wilbur
89.7%
Wayne
89.7%
Wyatt
89.7%
% Correct
Vivien
89.3%
Vera
88.9%
Vanessa
88.7%
Vasco
87.5%
Warren
84.9%
Wilt
81.7%
Vincenzo
81.6%
Washington
79.2%
Valentina
75.4%
Wernher
70.7%
Wilhelm
69.3%
Wangari
67%
Wassily
64.7%
Willa
61.1%
Willy
50.9%

You're not logged in!

Compare scores with friends on all Sporcle quizzes.
OR
Log In
Forgot?

From the Vault

Vowel-less Book Titles II

by XCBoss

Bt sprclrs cnt wt t ply ths qz!
Remove Ads.
Support Sporcle.
Get the best of Sporcle when you Go Orange. This ad-free experience offers more features, more stats, and more fun while also helping to support Sporcle. Thank you for becoming a member.

Show Comments

Extras

Top Quizzes Today


Score Distribution

Your Account Isn't Verified!

In order to create a playlist on Sporcle, you need to verify the email address you used during registration. Go to your Sporcle Settings to finish the process.

Report this User

Report this user for behavior that violates our Community Guidelines.

Details: